<?xml version="1.0" encoding="UTF-8"?>
<record
    xmlns:xsi="http://www.w3.org/2001/XMLSchema-instance"
    xsi:schemaLocation="http://www.loc.gov/MARC21/slim http://www.loc.gov/standards/marcxml/schema/MARC21slim.xsd"
    xmlns="http://www.loc.gov/MARC21/slim">

  <leader>01810nam a22003377a 4500</leader>
  <controlfield tag="003">OSt</controlfield>
  <controlfield tag="005">20260512102405.0</controlfield>
  <controlfield tag="008">260512b        |||||||| |||| 00| 0 aze d</controlfield>
  <datafield tag="040" ind1=" " ind2=" ">
    <subfield code="a">AZ-XaKU</subfield>
    <subfield code="b">aze</subfield>
    <subfield code="c">AZ-XaKU</subfield>
  </datafield>
  <datafield tag="041" ind1=" " ind2=" ">
    <subfield code="a">aze</subfield>
  </datafield>
  <datafield tag="050" ind1="0" ind2="4">
    <subfield code="a">PN1998.3 .D12 .P9406 2010</subfield>
  </datafield>
  <datafield tag="100" ind1="1" ind2=" ">
    <subfield code="a">Dada&#x15F;ov, Ayd&#x131;n</subfield>
    <subfield code="c">professor,</subfield>
    <subfield code="d">1952 - 2017,</subfield>
    <subfield code="e">m&#xFC;&#x259;llif.</subfield>
  </datafield>
  <datafield tag="245" ind1="1" ind2=" ">
    <subfield code="a">Rejisorlu&#x11F;un &#xFC;slub probleml&#x259;ri</subfield>
    <subfield code="b">C&#x259;nn&#x259;t S&#x259;limovan&#x131;n yarad&#x131;c&#x131;l&#x131;&#x11F;&#x131; &#x259;sas&#x131;nda</subfield>
    <subfield code="c">/ Ayd&#x131;n Dada&#x15F;ov</subfield>
  </datafield>
  <datafield tag="264" ind1=" " ind2=" ">
    <subfield code="a">Bak&#x131;:</subfield>
    <subfield code="b">Elm v&#x259; t&#x259;hsil,</subfield>
    <subfield code="c">2010.</subfield>
  </datafield>
  <datafield tag="300" ind1=" " ind2=" ">
    <subfield code="a">240 s&#x259;hif&#x259; ;</subfield>
    <subfield code="b">&#x15F;&#x259;killi ;</subfield>
    <subfield code="c">21 sm.</subfield>
  </datafield>
  <datafield tag="336" ind1=" " ind2=" ">
    <subfield code="a">text</subfield>
    <subfield code="b">txt</subfield>
    <subfield code="2">rdacontent</subfield>
  </datafield>
  <datafield tag="337" ind1=" " ind2=" ">
    <subfield code="a">unmediated</subfield>
    <subfield code="b">n</subfield>
    <subfield code="2">rdamedia</subfield>
  </datafield>
  <datafield tag="338" ind1=" " ind2=" ">
    <subfield code="a">volume </subfield>
    <subfield code="b">nc</subfield>
    <subfield code="2">rdacarrier</subfield>
  </datafield>
  <datafield tag="520" ind1=" " ind2=" ">
    <subfield code="a">&#x18F;m&#x259;kdar inc&#x259;s&#x259;n&#x259;t xadimi, d&#xF6;vl&#x259;t m&#xFC;kafat&#x131; laureat&#x131;, filologiya elml&#x259;ri doktoru, professor Ayd&#x131;n &#x18F;r&#x15F;ad o&#x11F;lu Dada&#x15F;ovun "Rejissorlu&#x11F;un &#xFC;slub probleml&#x259;ri" (C&#x259;nn&#x259;t S&#x259;limovan&#x131;n yarad&#x131;c&#x131;l&#x131;&#x11F;&#x131; &#x259;sas&#x131;nda) monoqrafiyas&#x131;nda pe&#x15F;&#x259;kar teatr rejissorunun yarad&#x131;c&#x131;l&#x131;q laboratoriyas&#x131; ilk d&#x259;f&#x259; olaraq sistemli &#x15F;&#x259;kild&#x259; t&#x259;hlil&#x259; c&#x259;lb edilir. Kitab&#x131;n sonunda Az&#x259;rbaycan respublikas&#x131;n&#x131;n xalq artisti, ADM&#x130;U-nun professoru 70 illik &#xF6;mr&#xFC;n&#xFC;n, 50 ild&#x259;n &#xE7;oxunu s&#x259;hn&#x259; s&#x259;n&#x259;tin&#x259; h&#x259;sr etm&#x259;kl&#x259; y&#xFC;zd&#x259;n art&#x131;q tama&#x15F;aya qurulu&#x15F; vermi&#x15F; C&#x259;nn&#x259;t S&#x259;limovan&#x131;n yarad&#x131;c&#x131;l&#x131;&#x11F;&#x131;n&#x131; ara&#x15F;d&#x131;ran bu kitab&#x131;n m&#xFC;t&#x259;x&#x259;ssisl&#x259;rl&#x259; birg&#x259; geni&#x15F; oxucu mara&#x11F;&#x131;na da s&#x259;b&#x259;b olaca&#x11F;&#x131; z&#x259;nnind&#x259;yik.
</subfield>
  </datafield>
  <datafield tag="521" ind1=" " ind2=" ">
    <subfield code="a">&#xDC;mumi oxucu k&#xFC;tl&#x259;si</subfield>
  </datafield>
  <datafield tag="546" ind1=" " ind2=" ">
    <subfield code="a">aze</subfield>
  </datafield>
  <datafield tag="600" ind1=" " ind2=" ">
    <subfield code="2">AZ-XaKU</subfield>
  </datafield>
  <datafield tag="650" ind1=" " ind2="7">
    <subfield code="a"> Rejissorluq s&#x259;n&#x259;ti</subfield>
    <subfield code="2">AZ-XaKU</subfield>
  </datafield>
  <datafield tag="655" ind1=" " ind2=" ">
    <subfield code="a">Monoqrafiya</subfield>
  </datafield>
  <datafield tag="700" ind1="1" ind2=" ">
    <subfield code="a">M&#x259;mm&#x259;dova, R&#x259;na,</subfield>
    <subfield code="e">Elmi redaktor.</subfield>
  </datafield>
  <datafield tag="700" ind1="1" ind2=" ">
    <subfield code="a">Xano&#x11F;lan, V&#x259;fa,</subfield>
    <subfield code="e">redaktor.</subfield>
  </datafield>
  <datafield tag="700" ind1="1" ind2=" ">
    <subfield code="a">&#x18F;lizad&#x259;, M&#x259;ry&#x259;m,</subfield>
    <subfield code="e">r&#x259;y&#xE7;i.</subfield>
  </datafield>
  <datafield tag="700" ind1="1" ind2=" ">
    <subfield code="a">Qaz&#x131;zad&#x259;, &#x130;lham,</subfield>
    <subfield code="e">r&#x259;y&#xE7;i.</subfield>
  </datafield>
  <datafield tag="942" ind1=" " ind2=" ">
    <subfield code="c">BOOK</subfield>
  </datafield>
  <datafield tag="999" ind1=" " ind2=" ">
    <subfield code="c">420</subfield>
    <subfield code="d">420</subfield>
  </datafield>
  <datafield tag="952" ind1=" " ind2=" ">
    <subfield code="0">0</subfield>
    <subfield code="1">0</subfield>
    <subfield code="2">lcc</subfield>
    <subfield code="4">0</subfield>
    <subfield code="7">0</subfield>
    <subfield code="8">FA</subfield>
    <subfield code="a">KU</subfield>
    <subfield code="b">KUA</subfield>
    <subfield code="d">2026-05-12</subfield>
    <subfield code="l">0</subfield>
    <subfield code="o">PN1998.3 .D12 .P9406 2010</subfield>
    <subfield code="p">0000001196</subfield>
    <subfield code="r">2026-05-12 10:21:59</subfield>
    <subfield code="t">1</subfield>
    <subfield code="w">2026-05-12</subfield>
    <subfield code="y">BOOK</subfield>
  </datafield>
</record>
